00532nam a2200181 a 45000010010000000030011000100080041000210350026000620820014000881000021001022450028001232600043001516500019001949420012002139520090002259980020003159990015003350000-8588ELIB.Books110520 1979  a(ELIB.Books)0000-8734 a248 bChi aChilson, Richard aThe Way to Christianity bMinneapolis: Winston Press Inc. c1979 aChristian Life 2ddccBK 00102ddc4070aKBTSbKBTSd2011-05-20l0p7902r2022-01-22 00:00:00w2022-01-22yBK cbate2011-05-20 c8588d8588